| Поле | Название | Значение |
| |
Тип записи |
a |
| |
Библиографический уровень |
m |
| 001 |
Контрольный номер |
admiBOOK00019140 |
| 005 |
Дата корректировки |
20140508173803.8 |
| 010 |
Индекс ISBN |
__ |
| a |
ISBN |
978-5-370-02095-7 |
| d |
Цена |
55,00 |
| 100 |
Данные общей обработки |
__ |
| a |
Данные общей обработки |
19020213 |||y0 y0189 ca |
| 101 |
Язык документа |
__ |
| a |
Язык текста |
rus |
| 105 |
Кодированные данные (монография) |
__ |
| a |
Кодированные данные (монография) |
zy |
| 200 |
Заглавие и сведения об ответственности |
0_ |
| a |
Заглавие |
Таможенный кодекс Российской Федерации |
| 210 |
Выходные данные |
__ |
| a |
Место издания |
М |
| c |
Издательство |
Омега-Л |
| d |
Дата издания |
2010 |
| 215 |
Физическое описание |
__ |
| a |
Объем |
224с. |
| 225 |
Серия |
__ |
| a |
Серия |
Кодексы Российской Федерации |
| 606 |
Тематические рубрики |
__ |
| a |
Основная рубрика |
Таможенная служба |
| x |
Основная подрубрика |
Таможенный кодекс |
| 610 |
Ключевые слова |
__ |
| a |
Ключевые слова |
Таможенное регулирование в РФ |
| a |
Ключевые слова |
Таможенный кодекс |
| a |
Ключевые слова |
Таможенное дело в РФ |
| a |
Ключевые слова |
Таможенный кодекс РФ |
| a |
Ключевые слова |
Таможенное законодательство РФ |
| 686 |
Индексы других классификаций |
__ |
| a |
Классификационный индекс |
67.401.21 |
| 852 |
Данные о местонахождении |
__ |
| c |
Местонахождение стеллажа |
67.401.21 |
| j |
Шифр хранения |
67.401.21 |
| 852 |
Данные о местонахождении |
__ |
| b |
Сигла хранения |
ЧЗ_2 |
| t |
Номер экземпляра |
5 |
| i |
Авторский знак |
Т17 |
| p |
Инвентарный номер |
147285 |
| p |
Инвентарный номер |
147286 |
| p |
Инвентарный номер |
147287 |
| p |
Инвентарный номер |
147288 |
| p |
Инвентарный номер |
147289 |
| 901 |
Тип документа |
__ |
| t |
Тип документа |
m |
| 911 |
|
__ |
| u |
|
952a=Официальное издание |
| u |
|
952p=2226 |
| 938 |
Служебная информация |
__ |
| a |
Название организации |
Саранский филиал |
| b |
Имя БД |
OUTPUT.MRC_Саранск |
| c |
Название АИБС |
АИБС Библиотека |